000 00549nam a22001937a 4500
003 KOHA_MİRAKIL
005 20251218111053.0
008 251218b tu ||||| |||| 00| 0 tur d
020 _a9786254339554
040 _aTR-AnABB
_btur
_cTR-AnABB
041 _atur
082 _a956.256215
_bFOT 2022
100 1 _aBeyazıt, Mustafa,
245 1 0 _aFotoğraflarla dünden bugüne Kale /
_cMustafa Beyazıt
260 _aAnkara :
_bNobel Yayınları,
_c2022
300 _a192 sayfa ;
_c22 cm
650 0 4 _aTarih, Denizli
942 _2ddc
_cBK
999 _c9768
_d9768
900 _bGizem YORULMAZ